The great sand sea in Egypt : (Record no. 12031)

MARC details
000 -LEADER
fixed length control field 01119nam a2200301 i 4500
003 - CONTROL NUMBER IDENTIFIER
control field EG-ScBUE
005 - DATE AND TIME OF LATEST TRANSACTION
control field 20260419100628.0
008 - FIXED-LENGTH DATA ELEMENTS--GENERAL INFORMATION
fixed length control field 090625t2008 ne ab f b 001 0 eng d
020 ## - INTERNATIONAL STANDARD BOOK NUMBER
International Standard Book Number 9780444529411
040 ## - CATALOGING SOURCE
Original cataloging agency EG-ScBUE
Language of cataloging eng
Description conventions rda
Transcribing agency EG-ScBUE
Modifying agency EG-ScBUE
082 04 - DEWEY DECIMAL CLASSIFICATION NUMBER
Classification number 551.4150962
Item number BES
Edition number 22
100 1# - MAIN ENTRY--PERSONAL NAME
Personal name Besler, Helga,
Relator term author.
245 14 - TITLE STATEMENT
Title The great sand sea in Egypt :
Remainder of title formation, dynamics and environmental change - a sediment-analytical approach /
Statement of responsibility, etc by Helga Besler ; with contributions from A. Bolten [and three others]
250 ## - EDITION STATEMENT
Edition statement First edition.
264 #1 - PUBLICATION, DISTRIBUTION, ETC. (IMPRINT)
Place of publication, distribution, etc Amsterdam :
Name of publisher, distributor, etc Elsevier,
Date of publication, distribution, etc 2008.
300 ## - PHYSICAL DESCRIPTION
Extent xv, 250 pages :
Other physical details illustrations, maps ;
Dimensions 25 cm.
336 ## - CONTENT TYPE
Source rdacontent
Content type term text
Content type code txt
337 ## - MEDIA TYPE
Media type term unmediated
Source rdamedia
Media type code n
338 ## - CARRIER TYPE
Carrier type term volume
Carrier type code nc
Source rdacarrier
490 0# - SERIES STATEMENT
Series statement Developments in sedimentology ;
Volume number/sequential designation 59
504 ## - BIBLIOGRAPHY, ETC. NOTE
Bibliography, etc Includes bibliographical references and index.
650 #7 - SUBJECT ADDED ENTRY--TOPICAL TERM
9 (RLIN) 6923
Topical term or geographic name as entry element Sand dunes
Geographic subdivision Egypt.
Source of heading or term BUEsh
650 #7 - SUBJECT ADDED ENTRY--TOPICAL TERM
9 (RLIN) 6924
Topical term or geographic name as entry element Sedimentation analysis
Geographic subdivision Egypt.
Source of heading or term BUEsh
651 ## - SUBJECT ADDED ENTRY--GEOGRAPHIC NAME
Source of heading or term BUEsh
655 ## - INDEX TERM--GENRE/FORM
Form subdivision Reading book
700 1# - ADDED ENTRY--PERSONAL NAME
Personal name Bolten, A.,
Relator term contibutor.
942 ## - ADDED ENTRY ELEMENTS (KOHA)
Source of classification or shelving scheme Dewey Decimal Classification
Koha item type Book - Borrowing
Holdings
Withdrawn status Lost status Source of classification or shelving scheme Damaged status Not for loan Collection code Home library Current library Shelving location Date acquired Source of acquisition Cost, normal purchase price Serial Enumeration / chronology Total Checkouts Full call number Barcode Date last seen Price effective from Koha item type
    Dewey Decimal Classification     Alef-Baa Central Library Central Library First floor 25/06/2009 Purchase 996.00 7117   551.4150962 BES 000017040 15/07/2025 25/06/2009 Book - Borrowing